Ладо Гудиашвили (Запис номер 210808)
[ съкратено ]
| 000 -Лидер | |
|---|---|
| Контролно поле с фиксирана дължина | 01746nkm a2200397 c 4500 |
| 003 - Код на организацията, давaща контролен номер | |
| Контролно поле | BLK |
| 005 - Дата и час на последна редакция | |
| Контролно поле | 20180422121112.0 |
| 008 - Елементи от данни с фиксирана дължина | |
| fixed length control field | 180412b bul rap|r|||| r0| ||bulo| |
| 010 ## - Наследен системен номер | |
| LC control number | KNG00172067000 |
| 040 ## - Източник на каталожния запис | |
| Идентификатор на билиотеката - собственик на записа | BLK |
| 041 ## - Код за език | |
| Код за езика на текст/звукозапис или на отделно заглавие | Руски |
| Код за езика КДБФ | Руски |
| 080 ## - УДК | |
| Текстов определител УДК | Живопис - художници |
| УДК код - определител по УДК | 75.071.1 |
| УДК определител | (470)(47+57)(092) |
| УДК - код + определител | 75.071.1(470)(47+57)(092) |
| 080 ## - УДК | |
| Текстов определител УДК | Грузински художник - живописец, график и монументалист, педагог.(1896-1980) |
| УДК код - определител по УДК | 929 Гудиашвили, Ладо Давидович |
| УДК определител | |
| УДК - код + определител | 929 Гудиашвили, Ладо Давидович |
| 139 ## - Редно поле | |
| Редна дума | Гудиашвили, Ладо Давидович |
| Авторски знак | Губ - Г 91 |
| 245 10 - Сведения за заглавието | |
| Заглавие | Ладо Гудиашвили |
| Редно поле (дума) | вступ. статья Моисей Самойлович Каган; Ладо Давидович Гудиашвили. |
| 257 ## - Страна на издаване | |
| Страна на създаване/издаване | Русия |
| -- | СССР |
| 260 ## - Област на издателските данни | |
| -- | Ленинград |
| Име на издателя, разпространителя и проч. | Аврора |
| Година на издаване | 1983 |
| 300 ## - Физическа характеристика | |
| Страници | 240 с. |
| Илюстрации и др. | с ил. |
| Размери/Мащаб | 35 см |
| 380 ## - Жанр | |
| Жанр | Изкуство |
| 500 ## - Общи забележки | |
| Забележка | Списък на ил. - 5 000 тир. |
| 600 14 - Име на лице, използвано като предмет | |
| За него / За нея | Гудиашвили, Ладо Давидович |
| 9 (RLIN) | 57006 |
| 650 #4 - Допълнително описание по предмет – тема | |
| Основно описание – тема или топоним | Художници, руски - албуми |
| 9 (RLIN) | 351270 |
| 650 #4 - Допълнително описание по предмет – тема | |
| Основно описание – тема или топоним | Художници, съветски |
| 9 (RLIN) | 352577 |
| 651 #4 - Допълнително описание по предмет - топоним | |
| Географско понятие | Русия |
| 9 (RLIN) | 179465 |
| 651 #4 - Допълнително описание по предмет - топоним | |
| Географско понятие | СССР |
| 9 (RLIN) | 179592 |
| 653 ## - Ключова дума – ненормативна | |
| Ключова дума | руски художници |
| 653 ## - Ключова дума – ненормативна | |
| Ключова дума | руска живопис |
| 653 ## - Ключова дума – ненормативна | |
| Ключова дума | графика |
| 700 1# - Други автори (авторска отговорност) | |
| Лично име | Каган, Моисей Самойлович |
| Автороска отговорност (Описва отношението между автора и произведението) | вступ. статья |
| 9 (RLIN) | 387279 |
| 700 1# - Други автори (авторска отговорност) | |
| Лично име | Гудиашвили, Ладо Давидович |
| 9 (RLIN) | 57006 |
| 852 ## - Местоположение | |
| Форматна сигнатура | Цб Гр А ІІ 3136 |
| 856 4# - Електронен адрес и достъп | |
| Електронен формат | pdf - файл |
| Път до файла /url/ | |
| 856 4# - Електронен адрес и достъп | |
| Електронен формат | pdf - файл |
| Път до файла /url/ | |
| 942 ## - АРТИКУЛИ | |
| Вид на библиотечния материал | Графични издания |
| Скрит в OPAC | Не |
| 944 ## - СЪЗДАВАНЕ И РЕДАКЦИЯ на ЗАПИСА | |
| Създаване/Редакция | Създаване |
| Дата на регистрацията/редакция | 24.02.2015 |
| Служител, извършил регистрацията/редакцията | Камелия_Данева |
| 944 ## - СЪЗДАВАНЕ И РЕДАКЦИЯ на ЗАПИСА | |
| Създаване/Редакция | Редакция |
| Дата на регистрацията/редакция | 24.02.2015 |
| Служител, извършил регистрацията/редакцията | Камелия_Данева |
| 999 ## - СИСТЕМНИ КОНТРОЛНИ НОМЕРА | |
| Koha biblionumber | 210808 |
| Koha biblioitemnumber | 210808 |
| Код за отписване | Код за изгубен артикул | Източник на класификационната схема | Код за повреда | Коз за рестрикции | Код за отдаване | Артикулен № | Име на библиотеката - собственик | Име на библиотеката, в която се намира в момента | Статус (Текущо местоположение) | Дата на вписване в системата | Местоположение - отдел | Цена в лева | Инвентарен номер | Систематично азбучна сигнатура | Баркод | Номер на екземпляра | Цена в евро | Служебна бележка | Служебен тип на артикула |
|---|---|---|---|---|---|---|---|---|---|---|---|---|---|---|---|---|---|---|---|
| Не е изгубен | Universal Decimal Classification | Не е повреден | без рестрикции | заемане за дома | 362544 | Регионална библиотека "Любен Каравелов" Русе | Регионална библиотека "Любен Каравелов" Русе | Отдел Изкуство - подръчен фонд | 1983-01-01 | Отдел Изкуство - подръчен фонд | 11.12 | 422313 | 75(092)/Г 91 Л | 120000422313 | 1 | 5.69 | Дост: Pk Вид: Ф N: стар фонд Дата: 01.01.1983 Дата инв: 04.06.2015 Бележки инв: ГрИ2015 | Графични издания |